<?xml version="1.0" encoding="UTF-8"?>
<record
    xmlns:xsi="http://www.w3.org/2001/XMLSchema-instance"
    xsi:schemaLocation="http://www.loc.gov/MARC21/slim http://www.loc.gov/standards/marcxml/schema/MARC21slim.xsd"
    xmlns="http://www.loc.gov/MARC21/slim">

  <leader>01711nam a22002897a 4500</leader>
  <controlfield tag="005">20180803165631.0</controlfield>
  <controlfield tag="008">080515s2008    ck abd  r     000 0 spa d</controlfield>
  <datafield tag="020" ind1=" " ind2=" ">
    <subfield code="a">9789587160888</subfield>
  </datafield>
  <datafield tag="040" ind1=" " ind2=" ">
    <subfield code="a">CO-BoPUJ</subfield>
    <subfield code="c">CO-BoIAVH</subfield>
  </datafield>
  <datafield tag="041" ind1="0" ind2=" ">
    <subfield code="a">spa</subfield>
  </datafield>
  <datafield tag="044" ind1=" " ind2=" ">
    <subfield code="a">ck</subfield>
  </datafield>
  <datafield tag="082" ind1="0" ind2="4">
    <subfield code="a">574.5</subfield>
    <subfield code="b">B27e</subfield>
  </datafield>
  <datafield tag="245" ind1="1" ind2="0">
    <subfield code="a">Experiencias de restauraci&#xF3;n ecol&#xF3;gica en Colombia:</subfield>
    <subfield code="b">entre la sucesi&#xF3;n y los disturbios / </subfield>
    <subfield code="c">editado por Jos&#xE9; Ignacio Barrera Cata&#xF1;o, Mauricio Aguilar Garavito y Diana Catalina Rond&#xF3;n Camacho.</subfield>
  </datafield>
  <datafield tag="260" ind1=" " ind2=" ">
    <subfield code="a">Bogot&#xE1;:</subfield>
    <subfield code="b">Pontificia Universidad Javeriana, Escuela de Restauraci&#xF3;n Ecol&#xF3;gica</subfield>
    <subfield code="c">2008.</subfield>
  </datafield>
  <datafield tag="300" ind1=" " ind2=" ">
    <subfield code="a">272 p.</subfield>
    <subfield code="b">ilustraciones, diagramas, gr&#xE1;ficas, mapas y tablas</subfield>
    <subfield code="c">24 cm.</subfield>
  </datafield>
  <datafield tag="504" ind1=" " ind2=" ">
    <subfield code="a">Incluye referencias bibliogr&#xE1;ficas (pag. 272)</subfield>
  </datafield>
  <datafield tag="505" ind1=" " ind2=" ">
    <subfield code="a">Conceptos b&#xE1;sicos par ala restauraci&#xF3;n ecol&#xF3;gica (pag. 21).
Herramientas para la restauraci&#xF3;n ecol&#xF3;gica (pag. 49).
Experiencias de restauraci&#xF3;n ecol&#xF3;gica en canteras y suelos degradados (pag. 135).
Experiencias de restauraci&#xF3;n ecol&#xF3;gica en cuencas y humedales afectados por uso agropecuario y descargas org&#xE1;nicas (pag. 169).
El conocimiento tradicional en la restauraci&#xF3;n de ecosistemas degradados (pag, 249)</subfield>
  </datafield>
  <datafield tag="650" ind1="1" ind2="4">
    <subfield code="a">Restauraci&#xF3;n ecol&#xF3;gica</subfield>
    <subfield code="z">Colombia</subfield>
    <subfield code="9">33206</subfield>
  </datafield>
  <datafield tag="650" ind1="1" ind2="4">
    <subfield code="a">Herramientas de manejo del paisaje</subfield>
    <subfield code="9">92489</subfield>
  </datafield>
  <datafield tag="650" ind1="2" ind2="4">
    <subfield code="a">Gesti&#xF3;n ambiental</subfield>
    <subfield code="z">Colombia</subfield>
    <subfield code="9">33208</subfield>
  </datafield>
  <datafield tag="700" ind1="1" ind2=" ">
    <subfield code="a">Barrera Cata&#xF1;o, Jos&#xE9; Igancio</subfield>
    <subfield code="d">editor</subfield>
    <subfield code="9">33209</subfield>
  </datafield>
  <datafield tag="700" ind1="1" ind2=" ">
    <subfield code="a">Rond&#xF3;n Camacho, Diana Catalina</subfield>
    <subfield code="d">editora</subfield>
    <subfield code="9">33211</subfield>
  </datafield>
  <datafield tag="700" ind1="1" ind2=" ">
    <subfield code="a">Rivera Rond&#xF3;n, Carlos</subfield>
    <subfield code="d">fotograf&#xED;a</subfield>
    <subfield code="9">33212</subfield>
  </datafield>
  <datafield tag="710" ind1="2" ind2=" ">
    <subfield code="a">Pontificia Universidad Javeriana</subfield>
    <subfield code="b">Facultad de Ciencias</subfield>
    <subfield code="b">Departamento de Biolog&#xED;a</subfield>
    <subfield code="9">33213</subfield>
  </datafield>
  <datafield tag="700" ind1="1" ind2=" ">
    <subfield code="9">33210</subfield>
    <subfield code="a">Aguilar-Garavito, Mauricio</subfield>
    <subfield code="d">editor</subfield>
  </datafield>
  <datafield tag="942" ind1=" " ind2=" ">
    <subfield code="2">ddc</subfield>
    <subfield code="c">LIBRO</subfield>
  </datafield>
  <datafield tag="999" ind1=" " ind2=" ">
    <subfield code="c">9075</subfield>
    <subfield code="d">9075</subfield>
  </datafield>
  <datafield tag="952" ind1=" " ind2=" ">
    <subfield code="0">0</subfield>
    <subfield code="1">0</subfield>
    <subfield code="2">ddc</subfield>
    <subfield code="4">0</subfield>
    <subfield code="7">0</subfield>
    <subfield code="8">GENERAL</subfield>
    <subfield code="I">INV2017</subfield>
    <subfield code="a">Bogota</subfield>
    <subfield code="b">Bogota</subfield>
    <subfield code="d">2015-03-03</subfield>
    <subfield code="e">Instituto</subfield>
    <subfield code="g">39000.00</subfield>
    <subfield code="l">0</subfield>
    <subfield code="o">LB-574.5 B27e</subfield>
    <subfield code="p">038815</subfield>
    <subfield code="r">2015-03-03 00:00:00</subfield>
    <subfield code="t">Ej. 1</subfield>
    <subfield code="w">2015-03-03</subfield>
    <subfield code="x">Donaci&#xF3;n</subfield>
    <subfield code="y">LIBRO</subfield>
  </datafield>
  <datafield tag="952" ind1=" " ind2=" ">
    <subfield code="0">0</subfield>
    <subfield code="1">0</subfield>
    <subfield code="2">ddc</subfield>
    <subfield code="4">0</subfield>
    <subfield code="7">0</subfield>
    <subfield code="8">GENERAL</subfield>
    <subfield code="I">INV2017</subfield>
    <subfield code="a">Venado</subfield>
    <subfield code="b">Venado</subfield>
    <subfield code="d">2015-03-03</subfield>
    <subfield code="e">Instituto</subfield>
    <subfield code="g">39000.00</subfield>
    <subfield code="l">0</subfield>
    <subfield code="o">LB-574.5 B27e</subfield>
    <subfield code="p">026552</subfield>
    <subfield code="r">2015-03-03 00:00:00</subfield>
    <subfield code="t">Ej. 2</subfield>
    <subfield code="w">2015-03-03</subfield>
    <subfield code="x">Donaci&#xF3;n</subfield>
    <subfield code="y">LIBRO</subfield>
  </datafield>
</record>
